000 00399nam a2200169Ia 4500
008 241115s9999 xx 000 0 und d
020 _a0-07-100347-9
082 _a621.395 SZE
100 _aSze, S. M.
245 0 _aVLSI Technology
250 _a2nd
260 _aIndia:
_bMcGraw Hill,
_c1988.
300 _axii,676
600 _aElectrical Engineering
650 _aTechnology
942 _cBBD
999 _c24609
_d24609